Migrace a rozvoj : rozvojový potenciál mezinárodní migrace / kolektiv autorů
Record details
- ISBN: 978-80-87404-10-2
- Physical Description: 254 s. : il., mapy ; 24 cm
- Edition: Vyd. 1.
- Publisher: Praha : Univerzita Karlova v Praze, Fakulta sociálních věd, 2011
Content descriptions
| General Note: | V pub. jako autoři uvedeni: Věra-Karin Brázová ... et al. |
| Bibliography, etc. Note: | Obsahuje bibliografie a bibliografické odkazy |
| Language Note: | Anglické resumé |
Search for related items by subject
| Genre: | kolektivní monografie collective monographs |
Available copies
- 1 of 1 copy available at Common Catalog SPOK.
Holds
- 0 current holds with 1 total copy.
Show All Copies
| Location | Call Number / Copy Notes | Barcode | Shelving Location | Status | Due Date |
|---|---|---|---|---|---|
| Varianty | Mig Mi | 4605400003 | Šafaříkova 17 - 5. patro, Mig | Available | - |
| LDR | 01897nam a2200517 a 4500 | ||
|---|---|---|---|
| 001 | 30917 | ||
| 003 | CZ-PrJAB | ||
| 005 | 20220301130255.0 | ||
| 007 | ta | ||
| 008 | 111005s2011 xr ab f 000 0 cze | ||
| 015 | . | ‡acnb002223173 | |
| 020 | . | ‡a978-80-87404-10-2 ‡q(brož.) | |
| 035 | . | ‡a(CZ PrNK)nkc20112223173 | |
| 035 | . | ‡a(OCoLC)761169329 | |
| 040 | . | ‡aABA001 ‡bcze | |
| 041 | 0 | . | ‡acze ‡beng |
| 072 | 7. | ‡a314 ‡xDemografie. Populace ‡2Konspekt ‡918 | |
| 080 | . | ‡a314.15-026.44 ‡2MRF | |
| 080 | . | ‡a33 ‡2MRF | |
| 080 | . | ‡a304 ‡2MRF | |
| 080 | . | ‡a314.15:323.1 ‡2MRF | |
| 080 | . | ‡a339.96:327 ‡2MRF | |
| 080 | . | ‡a(048.8:082) ‡2MRF | |
| 245 | 0 | 0. | ‡aMigrace a rozvoj : ‡brozvojový potenciál mezinárodní migrace / ‡ckolektiv autorů |
| 250 | . | ‡aVyd. 1. | |
| 260 | . | ‡aPraha : ‡bUniverzita Karlova v Praze, Fakulta sociálních věd, ‡c2011 | |
| 300 | . | ‡a254 s. : ‡bil., mapy ; ‡c24 cm | |
| 500 | . | ‡aV pub. jako autoři uvedeni: Věra-Karin Brázová ... et al. | |
| 504 | . | ‡aObsahuje bibliografie a bibliografické odkazy | |
| 546 | . | ‡aAnglické resumé | |
| 650 | 0 | 7. | ‡amezinárodní migrace ‡7ph122809 ‡xekonomické aspekty ‡2czenas |
| 650 | 0 | 7. | ‡amezinárodní migrace ‡7ph122809 ‡xsociální aspekty ‡2czenas |
| 650 | 0 | 7. | ‡aekonomický růst ‡7ph114429 ‡2czenas |
| 650 | 0 | 7. | ‡amigrační politika ‡7ph137748 ‡2czenas |
| 650 | 0 | 7. | ‡arozvojová politika ‡7ph553845 ‡2czenas |
| 650 | 0 | 9. | ‡ainternational migration ‡xeconomic aspects ‡2eczenas |
| 650 | 0 | 9. | ‡ainternational migration ‡xsocial aspects ‡2eczenas |
| 650 | 0 | 9. | ‡aeconomic development ‡2eczenas |
| 650 | 0 | 9. | ‡amigration policy ‡2eczenas |
| 650 | 0 | 9. | ‡adevelopment policy ‡2eczenas |
| 655 | 7. | ‡akolektivní monografie ‡7fd501537 ‡2czenas | |
| 655 | 9. | ‡acollective monographs ‡2eczenas | |
| 700 | 1 | . | ‡aBrázová, Věra-Karin ‡7jx20111010004 ‡4aut |
| 910 | . | ‡aABH006 | |
| 901 | . | ‡a30917 ‡b ‡c30917 ‡tbiblio | |